| 000 | 00735nas a2200217 4500 | ||
|---|---|---|---|
| 001 | BR9502121 | ||
| 003 | BR-BrBNA | ||
| 005 | 20231205094333.0 | ||
| 007 | ta | ||
| 008 | 230509b bl.|||p| |||| 00| 00por d | ||
| 040 |
_aBR-BrBNA _bpor _cBiblioteca Nacional de Agricultura |
||
| 041 | _a(En) | ||
| 072 | _aL72 | ||
| 100 | 1 | _aThatcher, V.E. | |
| 245 | 1 | _aBacciger pellonae n. sp. (Trematoda, Fellodistomidae)from a freshwater fish, Pellona castelnaeana Valenciennes of Rondonia State, Brazil | |
| 650 | _aPeixe de Agua Doce | ||
| 650 | _aParasito de Animal | ||
| 773 | 0 |
_tActa Amazonica (Brazil) _xISSN 0044-5967 _g(Oct-Dec 1992), v. 22(4) p. 605-608 _wBR9502121 |
|
| 909 |
_a202311 _bLúcia _c55 _dLúcia Elande |
||
| 942 |
_2AGRIS _n0 _cANA |
||
| 999 |
_c143662 _d143662 |
||